| 000 | 00718nam a2200241Ia 4500 | ||
|---|---|---|---|
| 001 | 20583 | ||
| 003 | DO-CoUTE | ||
| 005 | 20260204212629.0 | ||
| 008 | 220104s9999 dr 000 0 spa d | ||
| 020 | _a978-950-808-954-0 | ||
| 040 |
_aDO-CoUTE _bspa _cDO-CoUTE |
||
| 041 | 0 | _aspa | |
| 082 | _a372.21 P426c | ||
| 100 | 1 | _aPeralta, María Victoria | |
| 245 | 1 | 0 | _aConstruyendo currículos posmodernos en la educación inicial latinoamericana / María Victoria Peralta |
| 260 | _aSanta Fé, Argentina : HomoSapiens ediciones | ||
| 300 | _a236 páginas | ||
| 650 | 4 | _aCurrículo | |
| 650 | 4 | _aEducación Inicial | |
| 942 |
_2ddc _cBK |
||
| 999 |
_c21440 _d21440 |
||